[Event "Centrocoop Sept op"]
[Site "Eforie Nord"]
[Date "1999.09.??"]
[Round "?"]
[White "Pasc, Cristina"]
[Black "Cernea, Magdalena"]
[Result "1-0"]
[WhiteElo "2042"]
[BlackElo "2030"]
[PlyCount "57"]
[EventDate "1999.09.??"]
[EventType "swiss"]
[EventRounds "11"]
[EventCountry "ROU"]
[SourceTitle "EXT 2004"]
[Source "ChessBase"]
[SourceDate "2003.11.25"]
[SourceVersion "1"]
[SourceVersionDate "2003.11.25"]
[SourceQuality "1"]

1. e4 d6 2. d4 Nf6 3. Nc3 g6 4. f4 Bg7 5. Nf3 0-0 6. Bd3 Na6 7. e5 Nd7 8. Qe2 e6 9. Ne4 d5 10. Neg5 h6 11. Nh3 c5 12. c3 cxd4 13. cxd4 Nb4 14. Bb1 b6 15. Qd2 a5 16. a3 Nc6 17. 0-0 a4 18. g4 Na5 19. Bc2 Ba6 20. Re1 Nc4 21. Qg2 Bb5 22. f5 gxf5 23. gxf5 Kh8 24. fxe6 Bxe5 25. Bxh6 Rg8 26. Nhg5 Qf6 27. Nxf7+ Qxf7 28. exf7 Rxg2+ 29. Kxg2 1-0

[Event "Visegrad (Women)"]
[Site "Visegrad"]
[Date "1998.??.??"]
[Round "?"]
[White "Cherednichenko, Svetlana"]
[Black "Pasc, Cristina"]
[Result "1-0"]
[WhiteElo "2225"]
[BlackElo "2030"]
[PlyCount "73"]
[EventDate "1998.??.??"]
[EventType "tourn"]
[EventRounds "9"]
[EventCountry "HUN"]
[SourceTitle "EXT 2002"]
[Source "ChessBase"]
[SourceDate "2001.11.25"]
[SourceVersion "1"]
[SourceVersionDate "2001.11.25"]
[SourceQuality "1"]

1. d4 d5 2. c4 c6 3. Nc3 e6 4. cxd5 exd5 5. Nf3 Nf6 6. Bg5 Be7 7. e3 Bg4 8. Be2 Nbd7 9. 0-0 0-0 10. a3 h6 11. Bh4 Ne4 12. Bxe7 Qxe7 13. Nxe4 dxe4 14. Nd2 Bxe2 15. Qxe2 Rfe8 16. Rac1 Qg5 17. Nb3 Rad8 18. Nc5 Nxc5 19. Rxc5 Rd5 20. Rfc1 Re6 21. b4 Qf6 22. Rxd5 cxd5 23. Qb5 Rc6 24. Rf1 Rc3 25. Qxb7 Rxa3 26. Qxd5 Qa6 27. b5 Qa4 28. Qa8+ Kh7 29. Qxe4+ g6 30. Qb7 Kg7 31. g3 Rb3 32. Rc1 Rxb5 33. Qe7 Qa2 34. Rc8 Rf5 35. Qf8+ Kf6 36. Qd8+ Kg7 37. Qh8# 1-0

[Event "Centrocoop June op-B"]
[Site "Eforie Nord"]
[Date "1998.??.??"]
[Round "?"]
[White "Pasc, Cristina"]
[Black "Gutsu, Sergy"]
[Result "0-1"]
[WhiteElo "2050"]
[BlackElo "1650"]
[PlyCount "58"]
[EventDate "1998.06.??"]
[EventType "swiss"]
[EventRounds "11"]
[EventCountry "ROU"]
[SourceTitle "EXT 2000"]
[Source "ChessBase"]
[SourceDate "1999.11.16"]
[SourceVersion "1"]
[SourceVersionDate "1999.11.16"]
[SourceQuality "1"]

1. e4 d6 2. d4 Nf6 3. Nc3 c6 4. f4 g6 5. Nf3 Bg7 6. Bd3 Bg4 7. Be3 e5 8. dxe5 dxe5 9. fxe5 Nfd7 10. e6 Bxe6 11. Ng5 Qe7 12. Qe2 Ne5 13. Nxe6 Qxe6 14. 0-0 Nbd7 15. h3 0-0 16. Qf2 Nc4 17. Bxa7 Nxb2 18. Bd4 Nxd3 19. cxd3 Ne5 20. Rfd1 Rfd8 21. Bxe5 Qxe5 22. Rac1 Ra3 23. Ne2 Raxd3 24. Rf1 Rf8 25. Qf4 Qxf4 26. Nxf4 Ra3 27. Rc2 Rfa8 28. Rb1 Bd4+ 29. Kh1 Be5 0-1

[Event "Visegrad (Women)"]
[Site "Visegrad"]
[Date "1998.??.??"]
[Round "?"]
[White "Pasc, Cristina"]
[Black "Ionica, Iulia Ionela"]
[Result "1-0"]
[WhiteElo "2030"]
[BlackElo "2185"]
[PlyCount "91"]
[EventDate "1998.??.??"]
[EventType "tourn"]
[EventRounds "9"]
[EventCountry "HUN"]
[SourceTitle "EXT 2002"]
[Source "ChessBase"]
[SourceDate "2001.11.25"]
[SourceVersion "1"]
[SourceVersionDate "2001.11.25"]
[SourceQuality "1"]

1. e4 c5 2. Nf3 e6 3. d4 cxd4 4. Nxd4 Nf6 5. Nc3 d6 6. Be3 a6 7. Be2 Nc6 8. f4 Qc7 9. Bf3 Be7 10. Qe2 0-0 11. g4 Nd7 12. 0-0 Rb8 13. a4 Re8 14. Qf2 Na5 15. f5 Ne5 16. g5 Nac4 17. Bc1 Nxf3+ 18. Qxf3 Qc5 19. Qf2 Bd7 20. Kh1 exf5 21. exf5 Bf8 22. b3 Ne5 23. Bd2 Nc6 24. Nde2 Nb4 25. Rac1 Bc6+ 26. Kg1 Rxe2 27. Nxe2 Qd5 28. Ng3 a5 29. c4 Qe5 30. Rfe1 Qb2 31. Rb1 Qc2 32. Bxb4 Qxf2+ 33. Kxf2 axb4 34. Rbd1 Rd8 35. Rd2 b6 36. h4 Bb7 37. Ne2 h6 38. Nf4 Bc8 39. Rd5 Bd7 40. gxh6 Bc6 41. Rd3 gxh6 42. Rg3+ Kh8 43. f6 h5 44. Rg5 Bh6 45. Rxh5 Kh7 46. Rg1 1-0

[Event "Visegrad (Women)"]
[Site "Visegrad"]
[Date "1998.??.??"]
[Round "?"]
[White "Pasc, Cristina"]
[Black "Jicman, Ligia Letitia"]
[Result "0-1"]
[WhiteElo "2030"]
[BlackElo "2220"]
[PlyCount "192"]
[EventDate "1998.??.??"]
[EventType "tourn"]
[EventRounds "9"]
[EventCountry "HUN"]
[SourceTitle "EXT 2002"]
[Source "ChessBase"]
[SourceDate "2001.11.25"]
[SourceVersion "1"]
[SourceVersionDate "2001.11.25"]
[SourceQuality "1"]

1. e4 c5 2. Nf3 Nc6 3. d4 cxd4 4. Nxd4 g6 5. Nc3 Bg7 6. Be3 Nf6 7. f3 0-0 8. Qd2 d5 9. 0-0-0 dxe4 10. Nxc6 Qxd2+ 11. Rxd2 bxc6 12. Be2 Bf5 13. h3 exf3 14. Bxf3 Rfc8 15. g4 Be6 16. Kb1 a5 17. Bc5 Rab8 18. Bd4 c5 19. Be5 Ne4 20. Nxe4 Bxe5 21. b3 c4 22. Re2 a4 23. Ng5 cxb3 24. cxb3 Bf6 25. Nxe6 axb3 26. a4 fxe6 27. Rxe6 Kg7 28. Rc6 Rd8 29. Rd1 b2 30. Rc7 Rbc8 31. Rxc8 Rxc8 32. g5 Bxg5 33. Kxb2 Bf6+ 34. Kb1 Rc4 35. a5 Rb4+ 36. Kc2 Rc4+ 37. Kd3 Ra4 38. a6 Rxa6 39. Ke4 h5 40. Kf4 Kh6 41. Re1 Ra5 42. Re6 Ra4+ 43. Be4 Ra3 44. Bf3 g5+ 45. Kg3 Kg6 46. Re4 Kf5 47. Rb4 Bc3 48. Rc4 Be5+ 49. Kg2 Bf4 50. Be4+ Ke5 51. Bf3 Kf6 52. Kf2 e5 53. Rb4 Be3+ 54. Kg2 Ra2+ 55. Kh1 Bd4 56. Bxh5 Kf5 57. Rc4 Kf4 58. Rb4 Ke3 59. Rb3+ Kd2 60. Rg3 Ra1+ 61. Kh2 Be3 62. Rg2+ Kd3 63. Re2 e4 64. Kg3 Rh1 65. Ra2 Bf4+ 66. Kg4 e3 67. Ra3+ Kc2 68. Ra2+ Kb3 69. Re2 Kc3 70. Ra2 Rg1+ 71. Kf5 Bd6 72. Ke4 Bc5 73. Bg4 Rf1 74. Bf3 Rb1 75. Bg4 Rb4+ 76. Kf5 Be7 77. Ra3+ Kd4 78. Ra2 Rb5+ 79. Ke6 Bb4 80. Re2 Ke4 81. Kf6 Kf4 82. Kg6 Rb6+ 83. Kg7 Bc3+ 84. Kf7 Bd4 85. Ra2 Bb2 86. Ra4+ Kg3 87. Rc4 Rf6+ 88. Ke7 Rf4 89. Rc2 Rf2 90. Rc4 Rf4 91. Rc2 Ba3+ 92. Ke6 Bb4 93. Rb2 Bd2 94. Rb5 Rxg4 95. hxg4 e2 96. Re5 e1Q 0-1

[Event "Centrocoop Sept op-B"]
[Site "Eforie Nord"]
[Date "1998.??.??"]
[Round "?"]
[White "Pasc, Cristina"]
[Black "Voicu Jagodzinsky, Carmen"]
[Result "0-1"]
[WhiteElo "2005"]
[BlackElo "2120"]
[PlyCount "80"]
[EventDate "1998.09.??"]
[EventType "swiss"]
[EventRounds "11"]
[EventCountry "ROU"]
[SourceTitle "EXT 2000"]
[Source "ChessBase"]
[SourceDate "1999.11.16"]
[SourceVersion "1"]
[SourceVersionDate "1999.11.16"]
[SourceQuality "1"]

1. e4 Nf6 2. e5 Nd5 3. d4 d6 4. exd6 cxd6 5. Bc4 Nb6 6. Bb3 g6 7. Qf3 e6 8. Nh3 h6 9. 0-0 Bg7 10. c3 0-0 11. Nd2 Nc6 12. Ne4 f5 13. Ng3 Kh7 14. Nf4 e5 15. dxe5 dxe5 16. Rd1 Qc7 17. Nd5 Nxd5 18. Bxd5 Bd7 19. Ne2 Rad8 20. Be3 Ne7 21. Bxb7 e4 22. Bxe4 fxe4 23. Qxe4 Nf5 24. Bf4 Qb6 25. Qc2 Bc6 26. Qb3 Qa6 27. Qc2 Rde8 28. Rd2 Re4 29. f3 Re6 30. Ng3 Nh4 31. Nh5 Rfe8 32. Bg3 Nf5 33. Nf4 R6e7 34. Bf2 Be5 35. Nd3 Bd6 36. c4 Ne3 37. Bxe3 Rxe3 38. c5 Be7 39. Nb4 Qb5 40. Nxc6 Re1+ 0-1